Normal view
MARC view
- RAZI, WASTI SYED
Entry Personal Name
001 - CONTROL NUMBER
- control field: 79747
003 - CONTROL NUMBER IDENTIFIER
- control field: NUST
005 - DATE AND TIME OF LATEST TRANSACTION
- control field: 20210628210521.0
008 - FIXED-LENGTH DATA ELEMENTS
- fixed length control field: 210628|| aca||aabn | a|a d
040 ## - CATALOGING SOURCE
- Original cataloging agency: NUST
- Transcribing agency: NUST
100 ## - HEADING--PERSONAL NAME
- Personal name: RAZI, WASTI SYED
670 ## - SOURCE DATA FOUND
- Source citation: Work cat.: (NUST): RAZI, WASTI SYED, MEMORIES AND OTHER WRITINGS OF SYED AMEER ALI, 1968
